Nutrición: para la salud, la condición física y el deporte

Guardado en:
Detalles Bibliográficos
Autor principal: Williams, Melvin H (Autor)
Formato: Libro
Lenguaje:español
Publicado: Barcelona Paidotribo 2002
Materias:
Etiquetas: Agregar Etiqueta
Sin Etiquetas, Sea el primero en etiquetar este registro!

MARC

LEADER 00000nam a2200000 a 4500
001 UCM8611
003 CL-VaPUC
008 030321e20020000SP |||||||||||||||||spa|d
082 0 4 |a 613.2  |b WIL  |2 21 
100 0 |a Williams, Melvin H  |e author  |9 474686 
245 1 0 |a Nutrición: para la salud, la condición física y el deporte 
300 |a 502 p 
942 |c BK 
945 |d 20030321 00:00:00  |a cmena 
260 |a Barcelona  |b Paidotribo  |c 2002 
500 |a Incluye cd: cuaderno de ejercicios 
650 0 |a Nutrición   |9 259434 
650 0 |a Deportes  |9 224367 
650 0 |a Aptitud física   |9 373835 
650 0 |a Salud  |9 258663 
650 7 |a RENDIMIENTO DEPORTIVO  |2 CL-VaPUC  |9 432769 
583 |a last modification  |c 20030321 00:00:00  |k Rodrigo Vera 
999 |c 303072  |d 303070 
952 |0 0  |1 0  |4 0  |6 613_200000000000000_WIL_2002  |7 0  |8 A  |9 364032  |a BIBEDU  |b BIBEDU  |c ES_NOD  |d 2019-11-21  |i 3884600  |l 4  |o 613.2 WIL 2002  |p 3884600  |r 2025-03-12  |s 2025-03-12  |w 2019-11-21  |y BK  |k EFI